000 01058nam0a22002771 4500
001 rc\3442049
005 20260406152256.0
021 _aRU
_b69-17417
021 _aRU
_bРг4287-69
035 _a(NLR Aleph) 007568584
090 _a5379504
_c5379504
100 _a20130115d1969 u y0rusy50 ca
101 0 _arus
102 _aRU
105 _ay z |||||
200 1 _aОсновные направления развития научно-технической информации в социалистических странах
_e(Тезисы доклада по результатам прогноза на 1970-1980 гг.)
210 _a[Москва
_cБ. и.
_d1969]
215 _a9 с.
_d20
309 _aБез тит. л. и обл.
309 _aОтпеч. множит. аппаратом
700 1 _8rus
_7ca
_aГиляревский
_bР. С.
_f1929-2025
_gРуджеро Сергеевич
_3RU\NLR\AUTH\775815
_9115774
801 0 _aRU
_bNLR
_gpsbo
801 1 _aRU
_bELAR
_2rusmarc
852 _aNLR
_j69-4/7499
942 _cBOOK
980 _aNB